Religion Quiz

Random Religion or Verse Quiz

7 Deadly Sins Quiz Stats

 Plays Quiz not verified by Sporcle

Support Sporcle.
Go Orange.
Score 0/7 Timer 01:00
0 Plays Today
% Correct
Greed
93%
Lust
92.4%
Sloth
90.4%
Pride
87%
Gluttony
85%
Wrath
85%
Envy
81.6%

You're not logged in!

Compare scores with friends on all Sporcle quizzes.
OR
Log In

From the Vault

Weakest Link: 'H'+'I' Countries

by themightymoosh

What other opportunity do you have to travel between Honduras and Ireland in under three minutes?
Remove Ads.
Support Sporcle.
Get the best of Sporcle when you Go Orange. This ad-free experience offers more features, more stats, and more fun while also helping to support Sporcle. Thank you for becoming a member.

Show Comments

Extras

Top Quizzes Today


Score Distribution

Your Account Isn't Verified!

In order to create a playlist on Sporcle, you need to verify the email address you used during registration. Go to your Sporcle Settings to finish the process.

Report this User

Report this user for behavior that violates our Community Guidelines.

Details: